Researching language in schools and communities: functional linguistic perspectives

保存先:
書誌詳細
第一著者: Unsworth, Len (著者)
フォーマット: 図書
言語:英語
出版事項: Londres Cassell 2000
シリーズ:Open Linguistics Series
主題:
タグ: タグ追加
タグなし, このレコードへの初めてのタグを付けませんか!

MARC

LEADER 00000nam a2200000 a 4500
001 UCM7431
003 CL-VaPUC
008 021220e20000000UK |||||||||||||||||eng|d
020 |a 0304702455 
082 0 4 |a 372.44  |b UNS  |2 21 
100 0 |a Unsworth, Len  |e author  |9 472996 
245 1 0 |a Researching language in schools and communities: functional linguistic perspectives 
300 |a 311 p 
942 |c BK 
945 |d 20021220 00:00:00  |a cmena 
260 |a Londres  |b Cassell  |c 2000 
650 0 |a Educación lingüística  |9 306506 
650 0 |a Investigación lingüística  |9 329785 
650 0 |a Análisis del discurso  |9 256696 
650 0 |a Cognición   |9 270347 
650 0 |a Métodos de enseñanza  |9 270413 
583 |a last modification  |c 20021220 00:00:00  |k Rodrigo Vera 
490 0 |a Open Linguistics Series 
999 |c 302224  |d 302222 
952 |0 0  |1 0  |4 0  |6 372_440000000000000_UNS_2000  |7 0  |8 A  |9 362348  |a FDOPOS  |b FDOPOS  |d 2019-11-21  |i 3870227  |o 372.44 UNS 2000  |p 3870227  |r 2025-01-22  |w 2019-11-21  |y BK  |k MLA 
952 |0 0  |1 0  |4 0  |6 372_440000000000000_UNS_2000  |7 0  |8 A  |9 362349  |a FDOPOS  |b FDOPOS  |d 2019-11-21  |i 3912787  |o 372.44 UNS 2000  |p 3912787  |r 2025-01-22  |w 2019-11-21  |y BK  |k MLA 
952 |0 0  |1 0  |4 0  |6 372_440000000000000_UNS_2000  |7 0  |8 A  |9 362350  |a FDOPOS  |b FDOPOS  |d 2019-11-21  |i 4157125  |o 372.44 UNS 2000  |p 4157125  |r 2025-01-22  |w 2019-11-21  |y BK  |k MLA 
952 |0 0  |1 0  |4 0  |6 372_440000000000000_UNS_2000  |7 0  |8 A  |9 362351  |a FDOPOS  |b FDOPOS  |d 2019-11-21  |i 4209753  |o 372.44 UNS 2000  |p 4209753  |r 2025-01-22  |w 2019-11-21  |y BK  |k MLA